| 000 | 01065 a2200277 4500 | ||
|---|---|---|---|
| 999 |
_c2385 _d2385 |
||
| 020 | _a9781412920797 (hbk.) | ||
| 020 | _a1412920795 (hbk.) | ||
| 020 | _a1412920809 (pbk.) | ||
| 020 | _a9781412920803 (pbk.) | ||
| 050 | 0 | 0 | _aHV6233 GOD 2008 |
| 100 | 1 | _aGodfrey, Barry S. | |
| 245 | 1 | 0 |
_aHistory and crime / _cBarry S. Godfrey, Paul Lawrence and Chris A. Williams. |
| 264 |
_aLos Angeles _bSAGE _c2008 |
||
| 300 |
_a197 p. : _bill. ; |
||
| 440 | 0 | _aKey approaches to criminology | |
| 500 | _aCriminology | ||
| 650 | 0 |
_aCrime _xHistory. |
|
| 650 | 0 |
_aCriminology _xHistory. |
|
| 650 | 0 |
_aCriminal justice, Administration of _xHistory. |
|
| 700 | 1 |
_aLawrence, Paul _q(Paul Morgan) |
|
| 700 | 1 | _aWilliams, Chris A. | |
| 856 | 4 | 2 |
_3Publisher description _uhttp://www.loc.gov/catdir/enhancements/fy0828/2007929638-d.html |
| 856 | 4 | 1 |
_3Table of contents only _uhttp://www.loc.gov/catdir/enhancements/fy0828/2007929638-t.html |
| 942 |
_2lcc _cBK _h6233 _iGOD _kHV |
||